1688 1574 1474 1945 1316 1251 1741 1437 1247 1057 1223 1977 1029 1918 1373 1558 1027 1276 1974 1548 1894 1864 1940 1105 1033 1988 1443 1017 1105 1454 1173 1540 1144 1703 1036 1408 1050 1564 1571 1177 1833 1863 1127 1747 1816 1711 1212 1189 1066 1476 1142 1032 1155 1182 1266 1332 1523 1373 1074 1884 1320 1879 1846 1890 1960 1014 1249 1294 1644 1131 1835 1008 1658 1008 1501 1622 1487 1354 1568 1244 1610 1629 1307 1264 1399 1861 1859 1591 1250 1249 1492 1573 1372 1310 1171 1469 1814 1641 1021 BCNSPRNW ULIB Ver.6.0+V

เปลี่ยนเป็นภาษาไทย

Change to English
 แสดงรายละเอียดบรรณานุกรม
  กลับหน้าหลัก

Brief Record : Get Marc (ISO 2709) : E-mail record : QR code < ปิดหน้าต่าง
LEADER : 00000nam 2200000uu 4500
001    13399124642
003     ULIB
008    151109s2554||||th 000 0 tha d
060  4 ^aWY18^bก461
111 2  ^aการสัมมนาวิชาการวิธีปฏิบัติงานที่ดี good Practice การแลกเปลี่ยนความรู้ทั้งภายในและภายนอกองค์กรเพื่อเสริมสร้างนวัตกรรมด้านการพัฒนาการประกันคุณภาพการศึกษาโดยพัฒนาการปฏิบัติงานที่ดี ( Good practice )^d(2554 : นนทบุรี)
245 10 ^aเอกสารประกอบการนำเสนอในการสัมมนาวิชาการวิธีปฏิบัติงานที่ดี good Practice การแลกเปลี่ยนความรู้ทั้งภายในและภายนอกองค์กรเพื่อเสริมสร้างนวัตกรรมด้านการพัฒนาการประกันคุณภาพการศึกษาโดยพัฒนาการปฏิบัติงานที่ดี (Good practice) วันที่ 24-25 มกราคม 2554 ณ โรงแรมเอเชีย แอร์พอร์ต
246 30 ^aการสัมมนาวิชาการวิธีปฏิบัติงานที่ดี good Practice การแลกเปลี่ยนความรู้ทั้งภายในและภายนอกองค์กรเพื่อเสริมสร้างนวัตกรรมด้านการพัฒนาการประกันคุณภาพการศึกษาโดยพัฒนาการปฏิบัติงานที่ดี (Good practice)
260    ^a[นนทบุรี] :^bฝ่ายประกันคุณภาพการศึกษา ส่วนพัฒนาการศึกษาสถาบันพระบรมราชชนก สำนักงานปลัดกระทรวง กระทรวงสาธารณสุข,^c2554
300    ^a335 หน้า:^bภาพประกอบ ;^c29 ซม.
650  2 ^aGood Practice
650  7 ^aวิธีปฏิบัติงานที่ดี^vการประชุม
710 2  ^aสถาบันพระบรมราชชนก
945    ^p0^l0^i000185
999    ^aเกษร โพธิ์สุวรรณ
รายการนี้ยังไม่มีแท็ก
คุณยังไม่ได้ล็อกอิน คุณสามารถมีกิจกรรมร่วมกับเว็บไซต์ได้ แต่ต้องล็อกอินก่อน ::
  ล็อกอิน

รายการสื่อสารสนเทศ

ลำดับที่ ประเภท เลขเรียก/บาร์โค้ด สถานที่ สถานะ
1. วิทยาศาสตร์การแพทย์ และสุขภาพ
หนังสือสำรอง
สถานะ=หนังสือสำรอง
WY18 ก461 ฉ.1 
  Barcode: 000185
ห้องสมุดวิทยาเขตสวรรค์ประชารักษ์
►ส่วนจัดเก็บหนังสือเก่า สปร
บนชั้น
  ขอยืม

รายการใกล้เคียง
    หัวเรื่อง [Good Practice]

BibComment


ยังไม่เคยถูกคอมเมนท์

คอมเมนท์ทรัพยากรรายการนี้
  คอมเมนท์: เอกสารประกอบการน..


 Copyright 2026. Bcnsprnw @Library